[Event "Ulaanbaatar Ikh Nuudel op"]
[Site "Ulaanbaatar"]
[Date "2016.10.03"]
[Round "7"]
[White "Sukhbold, Yadamsuren"]
[Black "Chinguun, Sumiya"]
[Result "1/2-1/2"]
[WhiteElo "1877"]
[BlackElo "2054"]
[PlyCount "101"]
[EventDate "2016.09.29"]
[EventType "swiss"]
[EventRounds "9"]
[EventCountry "MGL"]
[SourceTitle "CBM 174 Extra"]
[Source "ChessBase"]
[SourceDate "2016.10.10"]
[SourceVersion "1"]
[SourceVersionDate "2016.10.10"]
[SourceQuality "1"]

1. c4 Nf6 2. g3 g6 3. Bg2 Bg7 4. Nc3 0-0 5. d3 d6 6. Nf3 c6 7. 0-0 e5 8. c5 Re8 9. cxd6 Qxd6 10. Qb3 Nbd7 11. Ng5 Qe7 12. a4 Nc5 13. Qc2 h6 14. b4 hxg5 15. bxc5 Qxc5 16. Be3 Qa5 17. Bxg5 e4 18. Bd2 exd3 19. Qxd3 Qh5 20. h4 Bf5 21. Qc4 Be6 22. Qb4 Nd5 23. Nxd5 Bxa1 24. Ne7+ Kh7 25. Rxa1 Rad8 26. Bg5 Qxe2 27. Qxb7 Qe5 28. Rc1 Rd7 29. Qxc6 Rexe7 30. Bxe7 Rxe7 31. Qc5 Bb3 32. a5 Kg7 33. Qxe5+ Rxe5 34. a6 Ra5 35. Bb7 Be6 36. Kf1 Bd7 37. Bc6 Bh3+ 38. Bg2 Bxg2+ 39. Kxg2 Rxa6 40. g4 Ra2 41. Kg3 a5 42. Rc7 Ra1 43. Ra7 Rg1+ 44. Kf4 Ra1 45. Kg5 a4 46. f4 a3 47. f5 gxf5 48. gxf5 Rg1+ 49. Kf4 Rf1+ 50. Kg4 Rg1+ 51. Kf4 1/2-1/2